Our Architecture : (Record no. 187414)
[ view plain ]
| 000 -LEADER | |
|---|---|
| fixed length control field | 01298pam a2200385 i 4500 |
| 001 - CONTROL NUMBER | |
| control field | vtls000915932 |
| 003 - CONTROL NUMBER IDENTIFIER | |
| control field | PNM |
| 005 - DATE AND TIME OF LATEST TRANSACTION | |
| control field | 20220209113812.0 |
| 008 - FIXED-LENGTH DATA ELEMENTS--GENERAL INFORMATION | |
| fixed length control field | 201020t20202020my ao g 000 0 eng |
| 015 ## - NATIONAL BIBLIOGRAPHY NUMBER | |
| National bibliography number | M21-04956 |
| 020 ## - INTERNATIONAL STANDARD BOOK NUMBER | |
| International Standard Book Number | 9789670311685 |
| Qualifying information | paperback |
| Terms of availability | RM23.00 |
| 039 #9 - LEVEL OF BIBLIOGRAPHIC CONTROL AND CODING DETAIL [OBSOLETE] | |
| Level of rules in bibliographic description | 202106271655 |
| Level of effort used to assign nonsubject heading access points | habirah |
| Level of effort used to assign subject headings | 202105300032 |
| Level of effort used to assign classification | azizan |
| Level of effort used to assign subject headings | 202105060935 |
| Level of effort used to assign classification | ain |
| Level of effort used to assign subject headings | 202010221322 |
| Level of effort used to assign classification | dayang |
| 040 ## - CATALOGING SOURCE | |
| Original cataloging agency | BNM |
| Language of cataloging | eng |
| Transcribing agency | BNM |
| Description conventions | rda |
| Modifying agency | PPAK |
| 049 ## - LOCAL HOLDINGS (OCLC) | |
| Holding library | mal |
| 082 04 - DEWEY DECIMAL CLASSIFICATION NUMBER | |
| Classification number | 720.9595 |
| Edition number | 23 |
| 090 00 - LOCALLY ASSIGNED LC-TYPE CALL NUMBER (OCLC); LOCAL CALL NUMBER (RLIN) | |
| Classification number (OCLC) (R) ; Classification number, CALL (RLIN) (NR) | 720.9595 |
| Feature heading | TAJ |
| Feature heading | G |
| 100 0# - MAIN ENTRY--PERSONAL NAME | |
| Personal name | Tajuddin Rasdi, |
| Titles and words associated with a name | Prof., Dr., |
| Relator term | author. |
| 245 10 - TITLE STATEMENT | |
| Title | Our Architecture : |
| Remainder of title | Gerakbudaya Essentials / |
| Statement of responsibility, etc. | Tajuddin Rasdi ; Edited by William Tham and Sheau Yun Lim |
| 264 #1 - PRODUCTION, PUBLICATION, DISTRIBUTION, MANUFACTURE, AND COPYRIGHT NOTICE | |
| Place of production, publication, distribution, manufacture | Petaling Jaya, Selangor : |
| Name of producer, publisher, distributor, manufacturer | Gerakbudaya Enterprise, |
| Date of production, publication, distribution, manufacture, or copyright notice | 2020 |
| Date of production, publication, distribution, manufacture, or copyright notice | ©2020 |
| 300 ## - PHYSICAL DESCRIPTION | |
| Extent | x, 121 pages : |
| Other physical details | photographs ; |
| Dimensions | 19 cm |
| 336 ## - CONTENT TYPE | |
| Content type term | text |
| Source | rdacontent |
| 337 ## - MEDIA TYPE | |
| Media type term | unmediated |
| Source | rdamedia |
| 338 ## - CARRIER TYPE | |
| Carrier type term | volume |
| Source | rdacarrier |
| 504 ## - BIBLIOGRAPHY, ETC. NOTE | |
| Bibliography, etc. note | Bibliography: pages 118-121 |
| 650 10 - SUBJECT ADDED ENTRY--TOPICAL TERM | |
| Topical term or geographic name entry element | Architecture |
| Geographic subdivision | Malaysia |
| Topical term or geographic name entry element | Architecture, Domestic |
| Geographic subdivision | Malaysia |
| Topical term or geographic name entry element | Architectural design |
| Geographic subdivision | Malaysia |
| Topical term or geographic name entry element | Architectural criticism |
| Geographic subdivision | Malaysia |
| 700 1# - ADDED ENTRY--PERSONAL NAME | |
| Personal name | Tham, William, |
| Relator term | editor. |
| Personal name | Sheau, Yun Lim, |
| Relator term | editor. |
| 942 ## - ADDED ENTRY ELEMENTS (KOHA) | |
| Source of classification or shelving scheme | Dewey Decimal Classification |
| Koha item type | Book |
| 949 ## - LOCAL PROCESSING INFORMATION (OCLC) | |
| 6 | 2000784148 |
| 6 | 2000784149 |
| Withdrawn | Not for loan | Current library | Shelving location | Date acquired | Total Checkouts | Full call number | Barcode | Checked out | Date last seen | Date last checked out | Koha item type |
|---|---|---|---|---|---|---|---|---|---|---|---|
| Perpustakaan Alor Setar | Pinjaman Dewasa | 23/03/2022 | 1 | 720.9595 TAJ | A01725975 | 23/07/2026 | 02/07/2026 | 02/07/2026 | Book | ||
| Perpustakaan Awam Sungai Petani | Pinjaman Dewasa | 23/03/2022 | 720.9595 TAJ | A01725976 | 23/03/2022 | Book | |||||
| Perpustakaan Baling | Pinjaman Dewasa | 23/03/2022 | 720.9595 TAJ | A01725978 | 23/03/2022 | Book | |||||
| Perpustakaan Bandar Baharu | Pinjaman Dewasa | 23/03/2022 | 720.9595 TAJ | A01725979 | 23/03/2022 | Book | |||||
| Perpustakaan Kulim | Pinjaman Dewasa | 23/03/2022 | 720.9595 TAJ | A01725977 | 23/03/2022 | Book |